INDIAN PHARMACOPOCIA 2018 (VOL-III ) (Record no. 6021)

MARC details
000 -LEADER
fixed length control field 00508nam a22001697a 4500
005 - DATE AND TIME OF LATEST TRANSACTION
control field 20230118113714.0
008 - FIXED-LENGTH DATA ELEMENTS--GENERAL INFORMATION
fixed length control field 200208b xxu||||| |||| 00| 0 eng d
020 ## - INTERNATIONAL STANDARD BOOK NUMBER
ISBN 978-93-81238-17-2
041 ## - LANGUAGE CODE
Language code of text/sound track or separate title eng
110 ## - MAIN ENTRY--CORPORATE NAME
Corporate name or jurisdiction name as entry element GOVERNMENT OF INDIA MINISTRY OF HEALTH & FAMILY WELFARE
245 ## - TITLE STATEMENT
Title INDIAN PHARMACOPOCIA 2018 (VOL-III )
250 ## - EDITION STATEMENT
Edition statement 8th ed.
260 ## - PUBLICATION, DISTRIBUTION, ETC. (IMPRINT)
Place of publication GHAZIABAD
Name of publisher THE INDIAN PHARMACOPOEIA COMMISSION GHAZIABAD
Year of publication 2018
300 ## - PHYSICAL DESCRIPTION
Number of Pages 2659 TO 4143p;
650 ## - SUBJECT ADDED ENTRY--TOPICAL TERM
Topical Term PHARMACY
General subdivision D.PHARMA
942 ## - ADDED ENTRY ELEMENTS (KOHA)
Koha item type Books

No items available.